How many Central Stations are there in the Netherlands in 2024 - Statistics

General Stats
  • This quiz has been taken 13 times
  • The average score is 8 of 8
Answer Stats
Hint Answer % Correct
Amsterdam
100%
E Eindhoven
100%
L Leiden
100%
R Rotterdam
100%
U Utrecht
100%
A Amersfoort
91%
Arnhem
91%
T The Hague
82%
No matching quizzes found
Score Distribution
Percent of People with Each Score
Percentile by Number Answered
Your Score History
You have not taken this quiz